Intellectual property rights (Record no. 394531)

MARC details
000 -LEADER
fixed length control field 00506 a2200205 4500
005 - DATE & TIME
control field 20260204145406.0
008 - FIXED-LENGTH DATA ELEMENTS--GENERAL INFORMATION
fixed length control field 260204b |||||||| |||| 00| 0 eng d
020 ## - ISBN
International Standard Book Number 9789349281578
Price Rs. 2095.00
040 ## - CATALOGING SOURCE
Original cataloging agency VIVEKANANDA LIBRARY
082 ## - DDC NUMBER
Classification number 346.048
Book Number V449I
100 ## - MAIN ENTRY--PERSONAL NAME
Personal name Vasu Kumar
245 ## - TITLE STATEMENT
Title Intellectual property rights
260 ## - PUBLICATION, DISTRIBUTION, ETC. (IMPRINT)
Name of publisher, distributor, etc Yking Books
Date of publication, distribution, etc 2025
Place of publication, distribution, etc Jaipur
300 ## - PHYSICAL DESCRIPTION
Pages vi, 272
650 ## - Subject
Subject Law
650 ## - Subject
Subject Private Law
650 ## - Subject
Subject Property Law
650 ## - Subject
Subject Intellectual Property
942 ## - ADDED ENTRY ELEMENTS (KOHA)
Koha item type Books
Holdings
Withdrawn status Lost status Source of classification or shelving scheme Damaged status Not for loan Location (home branch) Sublocation or collection (holding branch) Shelving location Date acquired Koha issues (times borrowed) Koha full call number Accession No. Koha date last seen Koha item type
    Dewey Decimal Classification     VIVEKANANDA LIBRARY VIVEKANANDA LIBRARY Vivekananda Library 07/01/2026   346.048 V449I 444057 07/01/2026 Books
© Designed and Maintained by Vivekananda Library, MDU Rohtak